Naš jubilar
| Titel: | Naš jubilar : Ben Budar-Koslowski pjećašěsćdźesatnik |
|---|---|
| Verfasser: | |
| In: |
Rozhlad, Band 43, Heft 10 (1993), Seite 377-378, il. 1 alle Artikel anzeigen |
| Veröffentlicht: | 1993 |
| Format: | Aufsatz |
| Sprache: | Sorbisch |
X
alg: 39466600 001A $01999:12-11-16 001B $01999:01-06-17 $t17:59:03.000 001D $01999:12-11-16 001U $0utf8 001X $00 002@ $0Aox 003@ $0394666003 007A $0394666003 $aHEB 007T $0Herdww010077 010@ $awen 011@ $a1993 021A $aNaš jubilar $dBen Budar-Koslowski pjećašěsćdźesatnik 028A $aKućank $dBeno 031A $d43 $e10 $h377-378, il. 1 $j1993 039B $aIn $8--Abvc--. Rozhlad. - Bautzen : Domowina, 1950-. - ISSN 0557-4250 $x199300000430010623 $9047452528 lok: 39466600 78 exp: 39466600 78 1 #EPN 201B/01 $020-05-19 $t22:53:20.000 201U/01 $0utf8 203@/01 $0790776499 208@/01 $a12-11-16 $be 209A/01 $a/ $f000 $x00 220C/01 $aTitelaufnehmer: TJ 220C/01 $aHerkunft: IH UWr 244Z/01 $2Trx $#Silesia $#Śląsk $#Sliezsko $#Slezsko $8--Trx--Schlesien $x01 $9391173987 244Z/01 $#Nördliche Lausitz $#Lausitz, Nord $#Markgrafthum Nieder-Lausitz $#Niederlausitz, Landes-Versammlung $#Landes-Versammlung Niederlausitz $#Markgraftum Niederlausitz $74042205-7 $8--Tg1--Niederlausitz $x02 $908511653X 244Z/01 $#Lausitz, Süd $#Südliche Lausitz $74042942-8 $8--Tg1--Oberlausitz $x03 $9085119431 244Z/01 $aGeschichte 1928-1993 $x04 244Z/01 $aBudar-Koslowski Ben $x05 244Z/01 $2Trx $#ajakirjanikud $#žurnalistai $#journalists $#újságírók $#dziennikarze $#novinári $#novináři $8--Trx--Journalisten $x06 $9391372262 244Z/01 $2Trx $#sorbid $#sorbai $#Sorbs $#szorb népek $#Serbołużyczanie $#Srbi lužickí $#Lužičtí Srbové $8--Trx--Sorben $x07 $9391353144 244Z/01 $2Trx $8--Trx--Zeitschriftenaufsatz $x08 $9391384341 247C/01 $82080>Marburg/Lahn, Herder-Institut, Forschungsbibliothek, Bibliographieportal $9336309341
| LEADER | 00000caa a22000002c 4500 | ||
|---|---|---|---|
| 001 | 394666003 | ||
| 003 | DE-603 | ||
| 005 | 20170601175903.0 | ||
| 007 | tu | ||
| 008 | 161112s1993 xx |||| | u00||u|wen c | ||
| 035 | |a (DE-599)HEB394666003 | ||
| 040 | |a DE-603 |b ger |c DE-603 |d DE-603 | ||
| 041 | |a wen | ||
| 100 | 1 | |a Kućank, Beno | |
| 245 | 0 | 0 | |a Naš jubilar |b Ben Budar-Koslowski pjećašěsćdźesatnik |
| 264 | 0 | |c 1993 | |
| 773 | 0 | 8 | |i In |t Rozhlad |d Bautzen : Domowina, 1950- |h 24 cm |x 0557-4250 |g Band 43, Heft 10 (1993), Seite 377-378, il. 1 |w (DE-603)047452528 |w (DE-600)280835-3 |
| 924 | 0 | |9 2080 |a (DE-603)790776499 |b DE-2080 |c HES |d d |g / | |


